Darkness At The Heart of My Love Lyrics-Ghost - Statistics

General Stats
  • This quiz has been taken 193 times
  • The average score is 265 of 293
Answer Stats
Answer % Correct
the
100%
The
100%
a
99%
of
99%
you
99%
at
97%
darkness
97%
heart
97%
love
97%
My
97%
my
97%
When
96%
For
95%
I
95%
That
95%
that
95%
There's
95%
always
94%
Will
92%
will
92%
dies
91%
summer
91%
with
91%
be
90%
deep
90%
I'm
90%
is
90%
And
88%
cold
88%
runs
88%
who
88%
all
87%
me
87%
free
86%
set
86%
need
85%
Severing
85%
Tell
85%
wanna
85%
it
83%
as
81%
ties
81%
watch
78%
dries
76%
pair
76%
eyes
74%
line
74%
Remember
74%
time
73%
To
73%
walk
73%
let's
72%
Let's
72%
paint
72%
Paint
72%
serpentine
71%
So
71%
so
71%
would
71%
put
69%
sweet
69%
divine
68%
through
68%
summon
67%
this
65%
knew
64%
path
64%
wine
64%
spill
62%
Now
59%
bold
38%
No matching quizzes found
Score Distribution
Percent of People with Each Score
Percentile by Number Answered
Your Score History
You have not taken this quiz